000 00708cam a22002531 4500
001 18941
003 BD-RjUL
005 20211209000348.0
008 140222s1967 pk abc 001 0 eng d
035 _a(BD-RjUL) 18999
035 _a(OCoLC)4317686
040 _aDLC
_cMH
_dDLC
_dBD-RjUL
_beng
041 _aeng
082 _a915.3803
_bMEO 1967
100 1 _aMemon, Abdul Fatah,
_d1920-
_958417
245 1 0 _aOil and the faith /
_c Abdul Fatah, Memon
260 _aKarachi :
_c1967
300 _aii, 150 p. :
_billus., map, ports. ;
_c23 cm.
504 _aIncludes Index
651 0 _aSaudi Arabia
_xDescription and travel.
_958418
942 _2ddc
_cBK
999 _c18941
_d18941